• 首页
  • 本馆介绍
  • 公告通知
  • 最新文献
  • 馆藏检索
  • 电子资源
  • 读者导购
  • 参考咨询
  • 我的图书馆
  • 登录
  • 详细信息显示
  • 放入我的书架
  • 预约/预借图书
  • 作者相关作品
  • 分类相关作品
  • 丛书相关作品
  • 出版社相关作品

书目信息

  • 表格格式
  • 工作单格式
  • 卡片格式
题名:
历史上的今天 下
    
 
作者: 贾鸣之 编写
分册:  
出版信息: 北京   科学普及出版社  2000
页数: 413-773页
开本: 20cm
丛书名:
单 册:
中图分类: K105
科图分类:
主题词: 世界史--大事记 , 世界史
电子资源:
ISBN: 7-110-04729-6
000 00801nam0 2200241 450
001 002402416
005 20030925153552.0
010    @a7-110-04729-6@dCNY19.00
100    @a20030702d2000 em y0chiy0110 ea
101 0  @achi
102    @aCN@b110000
105    @aa z 000yy
200 1  @a历史上的今天 下@Ali shi shang de jin tian xia@f贾鸣之等编写@Fjia ming zhi deng bian xie
210    @a北京@c科学普及出版社@d2000
215    @a413-773页@c照片@d20cm
330    @a本书介绍了一年中每一天在人类发展史上生产过重大影响的事件,以及在一定历史时期或重要事件中起过重大作用的人物,并收录近150张珍贵历史照片,
606 0  @a世界史@x大事记
606 0  @a世界史
690    @aK105@v4
701  0 @a贾鸣之@Ajia ming zhi@4编写
801  0 @aCN@bNLC@c20030926
905    @aBZT@dK105@e1-2
906    @dCNY38.00@n0@r1
    
    历史上的今天 下/贾鸣之等编写.-北京:科学普及出版社,2000
    413-773页:照片;20cm
    
    
    ISBN 7-110-04729-6:CNY19.00
    本书介绍了一年中每一天在人类发展史上生产过重大影响的事件,以及在一定历史时期或重要事件中起过重大作用的人物,并收录近150张珍贵历史照片,
●
相关链接 在五车中查询图书 在当当中查询图书 在豆瓣中查询图书


正题名:历史上的今天 下     索取号:K105/1-2         预约/预借

序号 登录号 条形码 馆藏地/架位号 状态 备注
1 434171   210623734   中心书库南/023架A面3层2列/ [索取号:K105/1-2] 在馆    
2 434172   210623725   中心书库南/023架A面3层2列/ [索取号:K105/1-2] 在馆    
3 434173   210623716   中心书库南/023架A面3层2列/ [索取号:K105/1-2] 在馆    
4 434174   210623707   中心书库南/023架A面3层2列/ [索取号:K105/1-2] 在馆    
5 434175   210623690   中心书库南/023架A面3层2列/ [索取号:K105/1-2] 在馆    
6 434176   210623681   中心书库南/023架A面3层2列/ [索取号:K105/1-2] 在馆    
7 434177   210623672   中心书库南/023架A面3层2列/ [索取号:K105/1-2] 在馆    
8 434178   210623663   中心书库南/023架A面3层2列/ [索取号:K105/1-2] 在馆    
9 434179   210623654   中心书库南/023架A面3层2列/ [索取号:K105/1-2] 在馆    
10 434180   210623645   中心书库南/023架A面3层2列/ [索取号:K105/1-2] 在馆    
山东省滨州职业学院图书馆 欢迎您!
大连网信软件有限公司© 版权所有